000
00263nam a22001217a 4500
082
_a
621.3815363 KIV'F
100
_a
KIVER, M. S
_9
79620
245
_a
FM SIMPLIFIED
250
_a
3RD
260
_a
NEWYORK
_b
D. VAN NOSTRAND
_c
1960
300
_a
362P
942
_c
BK
999
_c
584647
_d
584647